Budúcnosť napriek rozbúreným vodám

Rozvinutie skúseností a schopností v čase krízy. Postoj podniku ku kríze. Úloha vrcholového manažmentu. Presadenie hlbokých zmien.

Gespeichert in:
Bibliographische Detailangaben
1. Verfasser: Seidel, Gerhard
Format: Buchkapitel
Sprache:Slowakisch
Schlagworte:
Tags: Tag hinzufügen
Keine Tags, Fügen Sie das erste Tag hinzu!

MARC

LEADER 00000naa$a2200000$$$4500
001 0093929
005 20231116120621.1
041 0 |a slo 
044 |a SK 
245 1 0 |a Budúcnosť napriek rozbúreným vodám  |c Gerhard Seidel 
520 |a Rozvinutie skúseností a schopností v čase krízy. Postoj podniku ku kríze. Úloha vrcholového manažmentu. Presadenie hlbokých zmien. 
610 2 0 |a podnik 
610 2 0 |a kríza 
610 2 0 |a procesy podnikové 
610 2 0 |a manažéri 
100 1 |a Seidel, Gerhard